Statystyki dla Wszystkie słowa z "lin"

Kliknij tutaj aby rozwiązać quiz!

Ogólne statystyki

  • Ten quiz został rozwiązany 45 razy
  • Średni wynik to 6 z 15

Statystyki odpowiedzi

linOdpowiedź% Poprawnych
lin
100%
lina
83%
link
71%
linka
63%
linijka
59%
.linia
56%
malina
44%
ślina
22%
Kalina
20%
Karolina
20%
dolina
17%
pralina
17%
Paulina
15%
Michalina
2%
online
0%

Rozkład punktacji

Percentyl według liczby udzielonych odpowiedzi

Procent ludzi z każdym wynikiem

Twoja historia wyników

Nie rozwiązałeś tego quizu